000 00493nam a22001817a 4500
005 20260427120506.0
008 260427b |||||||| |||| 00| 0 eng d
037 _cDSWL
040 _aDSWL
_cDSWL
041 _heng
100 _aMani, N
_91235756
245 _aEnvironment, Climate Change & Disaster Management
260 _aNew Delhi,
_bNew Century Publications,
_c2017
300 _a251p
365 _aINR
_b1440
942 _2CC
_cTEXL
_n0
999 _c1848568
_d1848568